000 00687nam a2200193 a 4500
001 000042449
005 20201002040150.0
008 131203s1975 sp 000 0 spa d
020 _a8432302058
040 _aDO-SdBNP
_bspa
_cBNPHU
082 _axxx
_bxxx
100 1 _aFernández Clemente, Eloy,
_d1942-
_969609
245 1 0 _aAragón Contemporáneo :
_b1833-1936 /
_cEloy Fernández Clemente.
260 _aMadrid :
_bSiglo Veintiuno,
_c1975.
300 _a202 p. ;
_c18 cm.
490 1 _aEstudios de historia contemporánea siglo xxi
500 _aIncluye datos biográficos del autor en la solapa de la contracubierta
830 0 _aEstudios de historia contemporánea siglo xxi
_969610
999 _c41938
_d41938